Segunda carta a los corintios / (Record no. 176780)

MARC details
000 -LEADER
campo de control de longitud fija 00805nam a22002295i 4500
001 - NÚMERO DE CONTROL
campo de control 176780
003 - IDENTIFICADOR DE NÚMERO DE CONTROL
campo de control ES-MaACL
005 - FECHA Y HORA DE LA ÚLTIMA TRANSACCIÓN
campo de control 20230906220159.0
008 - DATOS DE LONGITUD FIJA--INFORMACIÓN GENERAL
campo de control de longitud fija 110209s1969 sp |||| | spa d
080 ## - NÚMERO DE LA CLASIFICACIÓN DECIMAL UNIVERSAL
Número de la Clasificación Decimal Universal 27-246
080 ## - NÚMERO DE LA CLASIFICACIÓN DECIMAL UNIVERSAL
Número de la Clasificación Decimal Universal 27-248.3
100 0# - ENTRADA PRINCIPAL--NOMBRE DE PERSONA
Nombre de persona Schelkle, Karl Hermann.
9 (RLIN) 104284
245 10 - MENCIÓN DEL TÍTULO
Título Segunda carta a los corintios /
Mención de responsabilidad, etc. K. H. Schelkle ; [versión castellana de Marciano Villanueva Salas].
260 ## - PUBLICACIÓN, DISTRIBUCIÓN, ETC.
Lugar de publicación, distribución, etc. Barcelona :
Nombre del editor, distribuidor, etc. Herder ;
Lugar de publicación, distribución, etc. Madrid :
Nombre del editor, distribuidor, etc. Palabra,
Fecha de publicación, distribución, etc. 1969.
300 ## - DESCRIPCIÓN FÍSICA
Extensión 246 p. ;
Dimensiones 20 cm.
490 1# - MENCIÓN DE SERIE
Mención de serie El Nuevo Testamento y su mensaje ;
Designación de volumen o secuencia 8
630 04 - PUNTO DE ACCESO ADICIONAL DE MATERIA--TÍTULO UNIFORME
Título uniforme Biblia.
Nombre de parte o sección de la obra N. T.
-- Corintios II-
Subdivisión de forma Comentarios.
9 (RLIN) 145119
700 1# - ENTRADA AGREGADA--NOMBRE PERSONAL
Nombre de persona Villanueva, Marciano.
9 (RLIN) 115029
830 0# - PUNTO DE ACCESO ADICIONAL DE SERIE-TÍTULO UNIFORME
Título uniforme El Nuevo Testamento y su mensaje ;
Designación de volumen o secuencia 8
9 (RLIN) 190229
852 ## - LOCALIZACIÓN
Ubicación ES-MaACL
Número de control de estantería E-14255
Encuadernación Olim P-1830
Holdings
Estatus retirado Estado de pérdida Estado de daño No para préstamo Biblioteca de origen Biblioteca actual Ubicación en estantería Fecha de adquisición Fuente de adquisición Total de préstamos Signatura topográfica completa Código de barras Visto por última vez Precio de reemplazo Tipo de ítem Koha
        Biblioteca del Ateneo de Madrid Biblioteca del Ateneo de Madrid Depósito 2 09/02/2011     E-14255 1185672 23/02/2023 23/02/2023 Libro impreso